ბათუმის შოთა რუსთაველის სახელმწიფო უნივერსიტეტის ბიბლიოთეკა

Ethical and Legal Issues in Healthcare / (ბიბ.ჩანაწერი № 57480)

000 -LEADER
fixed length control field 00535nam a22001937a 4500
005 - DATE AND TIME OF LATEST TRANSACTION
control field 20221107152219.0
008 - FIXED-LENGTH DATA ELEMENTS--GENERAL INFORMATION
fixed length control field 200625s2019 eng||||| |||| 00| 0 enk d
020 ## - INTERNATIONAL STANDARD BOOK NUMBER
International Standard Book Number 9781516521708x
041 ## - LANGUAGE CODE
Language code of text/sound track or separate title eng
080 ## - UNIVERSAL DECIMAL CLASSIFICATION NUMBER
Universal Decimal Classification number 61+17+34 L-53
100 ## - MAIN ENTRY--PERSONAL NAME
Personal name Lemberg, David
9 (RLIN) 8789
245 ## - TITLE STATEMENT
Title Ethical and Legal Issues in Healthcare /
Statement of responsibility, etc. David Lemberg.
264 ## - PRODUCTION, PUBLICATION, DISTRIBUTION, MANUFACTURE, AND COPYRIGHT NOTICE
Name of producer, publisher, distributor, manufacturer Cognella,
Date of production, publication, distribution, manufacture, or copyright notice 2019.
300 ## - PHYSICAL DESCRIPTION
Extent 362 p.
Other physical details 30 cm.
653 ## - INDEX TERM--UNCONTROLLED
keyword ეთიკა
653 ## - INDEX TERM--UNCONTROLLED
keyword სამართალი
653 ## - INDEX TERM--UNCONTROLLED
keyword ჯანდაცვა
942 ## - ADDED ENTRY ELEMENTS (KOHA)
Source of classification or shelving scheme
Koha item type წიგნი
ეგზემპლარები
Withdrawn status Lost status Source of classification or shelving scheme Damaged status Not for loan Permanent Location Current Location Shelving location Date acquired Cost, normal purchase price Full call number Barcode Date last seen Copy number Price effective from Koha item type Public note
          ბათუმის შოთა რუსთაველის სახელმწიფო უნივერსიტეტის მთავარი ბიბლიოთეკა ბათუმის შოთა რუსთაველის სახელმწიფო უნივერსიტეტის მთავარი ბიბლიოთეკა წიგნსაცავი 2020-06-25 464.00 61+17+34 L-53 60676 2020-06-25 60676 2020-06-25 წიგნი 464 ლ.